000 00292nam a2200121Ia 4500
008 190216s9999||||xx |||||||||||||| ||und||
100 _aOliver Gold Smith
245 0 _aShe Stoops To Conquer
260 _bMacmillan India Ltd
_c1992
300 _a104p
650 _aEnglish Prose
942 _cBK
999 _c13746
_d13746